Quel héros de la mythologie grecque ? Clic Quiz - Statistiques

Statistiques générales
  • Ce quiz a été pris 6 803 fois
  • Le résultat moyen est 13 sur 20
Statistiques - réponses
Hint Réponse % Correct
Tomba amoureux de son reflet Narcisse
92%
Vola trop près du soleil Icare
87%
Imagina la stratégie du cheval de Troie puis connut un long périple de retour Ulysse
83%
Fut le plus grand guerrier grec pendant la guerre de Troie Achille
79%
Construisit des ailes de plumes et de cire ainsi qu'un labyrinthe Dédale
76%
Tua le minotaure Thésée
72%
Sauva un homme en lui donnant une pelote de fil Ariane
69%
Fut contraint au nettoyage d'écuries et à la cueillette de pommes Héraclès
69%
Résolut l'énigme du Sphinx Œdipe
66%
Descendit aux Enfers pour retrouver sa femme perdue Orphée
65%
Trancha la tête de la gorgone Méduse Persée
64%
Commanda les Grecs pendant la guerre de Troie Agamemnon
63%
Fut le plus grand guerrier troyen pendant la guerre de Troie Hector
62%
Est forcé à pousser une pierre au sommet d'une montagne, d'où elle finit toujours par retomber Sisyphe
62%
Fut à la tête de l'expédition des Argonautes Jason
57%
Se jeta à la mer, pensant que son fils était mort Egée
56%
Chassa le sanglier de Calydon et fut la seule femme parmi les Argonautes Atalante
51%
S'enfuit en Italie après la chute de sa cité, et devint le père de la civilisation romaine Enée
44%
Tua la Chimère et dompta Pégase Bellérophon
34%
Tua un dragon et dut servir Arès pendant 8 ans, avant de fonder Thèbes Cadmos
30%
Aucun quiz correspondant
Distribution des résultats
% des personnes avec chaque résultat
Percentile par nombre de réponses
Votre historique - résultats
Vous n’avez pas pris ce quiz